<?xml version="1.0" encoding="UTF-8"?>
<record
    xmlns:xsi="http://www.w3.org/2001/XMLSchema-instance"
    xsi:schemaLocation="http://www.loc.gov/MARC21/slim http://www.loc.gov/standards/marcxml/schema/MARC21slim.xsd"
    xmlns="http://www.loc.gov/MARC21/slim">

  <leader>00669nam a22001937a 4500</leader>
  <datafield tag="999" ind1=" " ind2=" ">
    <subfield code="c">181815</subfield>
    <subfield code="d">181815</subfield>
  </datafield>
  <controlfield tag="005">20211006144048.0</controlfield>
  <datafield tag="010" ind1=" " ind2=" ">
    <subfield code="a">UR-11270</subfield>
  </datafield>
  <datafield tag="020" ind1=" " ind2=" ">
    <subfield code="c">800.00</subfield>
    <subfield code="a">9789390533527</subfield>
  </datafield>
  <datafield tag="035" ind1=" " ind2=" ">
    <subfield code="a">U-9825</subfield>
  </datafield>
  <datafield tag="037" ind1=" " ind2=" ">
    <subfield code="b">DBAD/PUB</subfield>
  </datafield>
  <datafield tag="082" ind1=" " ind2=" ">
    <subfield code="a">840.8</subfield>
  </datafield>
  <datafield tag="100" ind1=" " ind2=" ">
    <subfield code="a">&#x645;&#x62D;&#x645;&#x62F; &#x622; &#x635;&#x641; &#x62D;&#x633;&#x64A;&#x646; </subfield>
  </datafield>
  <datafield tag="245" ind1=" " ind2=" ">
    <subfield code="a">&#x62A;&#x632;  &#x6A9;&#x631; &#x6C1; &#x634;&#x639;&#x631; &#x627; &#x621; &#x645;&#x631; &#x627; &#x62F; &#x627; &#x628;&#x627; &#x62F;  </subfield>
    <subfield code="c">&#x645;&#x62D;&#x645;&#x62F; &#x622; &#x635;&#x641; &#x62D;&#x633;&#x64A;&#x646; </subfield>
  </datafield>
  <datafield tag="246" ind1=" " ind2=" ">
    <subfield code="a">Tazkirah -e-Shoa-ra-e-Moradabad Urdu)</subfield>
    <subfield code="b">by Mohd.Asif Hussain</subfield>
  </datafield>
  <datafield tag="260" ind1=" " ind2=" ">
    <subfield code="a">Delhi</subfield>
    <subfield code="c">2020 &#x621;</subfield>
    <subfield code="b">Educational Publishing House</subfield>
  </datafield>
  <datafield tag="270" ind1=" " ind2=" ">
    <subfield code="a">3191,Vakil Street,kucha pandit Lal kuan ,</subfield>
    <subfield code="b">Delhi</subfield>
    <subfield code="e">110006</subfield>
    <subfield code="l"> -</subfield>
  </datafield>
  <datafield tag="300" ind1=" " ind2=" ">
    <subfield code="a">544 &#x635; </subfield>
    <subfield code="c">22 Cm(Hb)</subfield>
  </datafield>
  <datafield tag="942" ind1=" " ind2=" ">
    <subfield code="2">ddc</subfield>
    <subfield code="c">UR</subfield>
    <subfield code="h">840.8</subfield>
    <subfield code="m">&#x645; &#x62D; &#x645; </subfield>
  </datafield>
  <datafield tag="952" ind1=" " ind2=" ">
    <subfield code="0">0</subfield>
    <subfield code="1">0</subfield>
    <subfield code="4">0</subfield>
    <subfield code="7">1</subfield>
    <subfield code="8">NFIC</subfield>
    <subfield code="a">DBAD</subfield>
    <subfield code="b">L</subfield>
    <subfield code="d">2021-10-06</subfield>
    <subfield code="e">DBAD/PUB</subfield>
    <subfield code="g">800.00</subfield>
    <subfield code="l">0</subfield>
    <subfield code="o">840.8 &#x645; &#x62D; &#x645;</subfield>
    <subfield code="p">U-9825</subfield>
    <subfield code="r">2021-10-06 00:00:00</subfield>
    <subfield code="t">1</subfield>
    <subfield code="v">800.00</subfield>
    <subfield code="w">2021-10-06</subfield>
    <subfield code="y">UR</subfield>
  </datafield>
</record>
